Geography Quiz

Random Geography or City Quiz

Largest Cities/Towns in Maine Quiz Stats

 Plays Quiz not verified by Sporcle

Support Sporcle.
Go Orange.
Score 0/10 Timer 03:00
0 Plays Today
population town % Correct
62,561Portland
100%
31,756Bangor
89.2%
18,282Augusta
87.7%
35,131Lewiston
81.5%
23,803South Portland
70.8%
23,177Auburn
69.2%
21,720Brunswick
43.1%
21,435Biddeford
43.1%
21,156Sanford
32.3%
19,054Scarborough
29.2%

You're not logged in!

Compare scores with friends on all Sporcle quizzes.
OR
Log In

From the Vault

US President by Birthdate

by LTH

It's less exciting to get wooden teeth for your birthday.
Remove Ads.
Support Sporcle.
Get the best of Sporcle when you Go Orange. This ad-free experience offers more features, more stats, and more fun while also helping to support Sporcle. Thank you for becoming a member.

Show Comments

Extras

Created Feb 10, 2011ReportNominate
Tags:City Quiz, maine

Top Quizzes Today


Score Distribution

Your Account Isn't Verified!

In order to create a playlist on Sporcle, you need to verify the email address you used during registration. Go to your Sporcle Settings to finish the process.

Report this User

Report this user for behavior that violates our Community Guidelines.

Details: